The use and misuse of AVMs (Record no. 81881)

MARC details
000 -LEADER
fixed length control field 01117cab a22002055a 4500
001 - CONTROL NUMBER
control field L148546
008 - FIXED-LENGTH DATA ELEMENTS--GENERAL INFORMATION
fixed length control field 090930e2009 sa f 000 0 eng d
035 ## - SYSTEM CONTROL NUMBER
System control number (Sirsi) u148546
041 0# - LANGUAGE CODE
Language code of text/sound track or separate title eng
100 1# - MAIN ENTRY--PERSONAL NAME
Personal name Reed, Richard
245 04 - TITLE STATEMENT
Title The use and misuse of AVMs
260 ## - PUBLICATION, DISTRIBUTION, ETC.
Date of publication, distribution, etc. 2009
490 #0 - SERIES STATEMENT
Series statement The South African Valuer
Volume/sequential designation (97) April 2009, 15-29(4)
520 ## - SUMMARY, ETC.
Summary, etc. Discusses the use and misuse of automated valuation models (AVMs) in the context of the Australian and New Zealand markets. An AVM is a mathematically generated valuation that primarily uses real estate or property information to calculate a value for a specific property and is based on bulk sales analysis. It is not a viable substitute for a valuation. Examines the strengths and limits of the AVM process and its inappropriate application. AVMS are now alarmingly being used in the risk analysis of property portfolios. AVMs are here to stay and can assist the valuation process if used correctly.
590 ## - LOCAL NOTE (RLIN)
Local note KA
651 #4 - SUBJECT ADDED ENTRY--GEOGRAPHIC NAME
Geographic name Australia
651 #4 - SUBJECT ADDED ENTRY--GEOGRAPHIC NAME
Geographic name New Zealand
Chronological subdivision 1947-
690 ## - LOCAL SUBJECT ADDED ENTRY--TOPICAL TERM (OCLC, RLIN)
Topical term or geographic name as entry element PROPERTY-PROPERTY APPRAISAL AND VALUATION
942 ## - ADDED ENTRY ELEMENTS (KOHA)
Suppress in OPAC 0
Holdings
Withdrawn status Lost status Source of classification or shelving scheme Damaged status Not for loan Home library Current library Shelving location Date acquired Total Checkouts Full call number Barcode Date last seen Copy number Price effective from Koha item type
    Dewey Decimal Classification     London London Journal article 30/09/2009   L148546 148546-1001 06/08/2019 1 06/08/2019 Journal article